Compendio estadísticas regionales
محفوظ في:
| مؤلف مشترك: | |
|---|---|
| التنسيق: | كتاب |
| اللغة: | الإسبانية |
| منشور في: |
Santiago
MIDEPLAN
1996
|
| سلاسل: | Documentos Regionales, 32
|
| الموضوعات: | |
| الوسوم: |
إضافة وسم
لا توجد وسوم, كن أول من يضع وسما على هذه التسجيلة!
|
MARC
| LEADER | 00000nam a2200000 a 4500 | ||
|---|---|---|---|
| 001 | UCU5778 | ||
| 003 | CL-VaPUC | ||
| 008 | 960614e19960000CL |||||||||||||||||spa|d | ||
| 082 | 0 | 4 | |a 318.13 |b MID |2 21 |
| 110 | 2 | |a MIDEPLAN |e author |9 363764 | |
| 245 | 1 | 0 | |a Compendio estadísticas regionales |
| 300 | |a 172 p | ||
| 942 | |c BK | ||
| 945 | |d 19960614 00:00:00 |a rbrito | ||
| 260 | |a Santiago |b MIDEPLAN |c 1996 | ||
| 650 | 0 | |a Población |9 257577 | |
| 650 | 0 | |a Salud |9 258663 | |
| 650 | 0 | |a Educación |9 258661 | |
| 650 | 0 | |a Vivienda |9 258662 | |
| 650 | 0 | |a Economía |9 255568 | |
| 650 | 0 | |a Trabajo |9 313876 | |
| 650 | 0 | |a Pesca |9 258707 | |
| 650 | 7 | |a INDUSTRIA |2 CL-VaPUC |9 315110 | |
| 650 | 0 | |a Minería |9 326008 | |
| 650 | 0 | |a Turismo |9 308920 | |
| 650 | 0 | |a Estadísticas |9 258644 | |
| 583 | |a last modification |c 19960614 00:00:00 |k Rodrigo Vera | ||
| 490 | 0 | |a Documentos Regionales, 32 | |
| 999 | |c 248966 |d 248964 | ||
| 952 | |0 0 |1 0 |4 0 |6 318_130000000000000_MID_1996 |7 0 |8 A |9 265934 |a BIBENE |b BIBENE |d 2019-11-19 |i 3208729 |o 318.13 MID 1996 |p 3208729 |r 2025-01-15 |w 2019-11-19 |y BK |k ICO | ||